Welcome to UE Central Library

Keep Smiling

You and Neurosis (Record no. 25721)

MARC details
000 -LEADER
fixed length control field 00521nam a22001817a 4500
005 - DATE AND TIME OF LATEST TRANSACTION
control field 20260213134814.0
008 - FIXED-LENGTH DATA ELEMENTS--GENERAL INFORMATION
fixed length control field 260213b |||||||| |||| 00| 0 eng d
040 ## - CATALOGING SOURCE
Transcribing agency UE-CL
082 ## - DEWEY DECIMAL CLASSIFICATION NUMBER
Edition number 1st ed.
Classification number 616.852
Item number Ey73
100 ## - MAIN ENTRY--PERSONAL NAME
Personal name Eysenck H.J.
245 ## - TITLE STATEMENT
Title You and Neurosis
Statement of responsibility, etc / H.J,Eysenck
260 ## - PUBLICATION, DISTRIBUTION, ETC. (IMPRINT)
Place of publication, distribution, etc Britain:
Name of publisher, distributor, etc Fontana,
Date of publication, distribution, etc 1977
300 ## - PHYSICAL DESCRIPTION
Extent 223 p.
546 ## - LANGUAGE NOTE
Language note English
700 ## - ADDED ENTRY--PERSONAL NAME
Personal name H.J.Eysenck
942 ## - ADDED ENTRY ELEMENTS (KOHA)
Koha item type Books
505 ## - FORMATTED CONTENTS NOTE
Formatted contents note The neurotic paradox<br/>Causes of neurosis<br/>A theory of neurosis<br/>Methods of behaviour therapy<br/>
Holdings
Withdrawn status Damaged status Not for loan Home library Current library Date acquired Full call number Barcode Date last seen Price effective from Koha item type
      UE-Central Library UE-Central Library 13.02.2026 616.852 Ey73 T5535D 13.02.2026 13.02.2026 Books
Copyright © 2023, University of Education, Lahore. All Rights Reserved.
Email:centrallibrary@ue.edu.pk